[Event "TV Borken 1 - SF Stadtlohn 1"]
[Site "Verbandsliga 2016/2017"]
[Date "2017.01.28"]
[Round "6.1"]
[White "Mullink, Jochem"]
[Black "Schroer, Klaus"]
[Result "1/2-1/2"]
[WhiteElo "2038"]
[BlackElo "2050"]
[PlyCount "83"]
[EventDate "2017.??.??"]
[SourceDate "2016.09.26"]

1. Nf3 Nf6 2. c4 e6 3. d4 b6 4. a3 Bb7 5. Nc3 Be7 6. Qc2 d5 7. cxd5 exd5 8. g3
Nbd7 9. Bg2 O-O 10. O-O c6 11. Bf4 Nh5 12. Be3 f5 13. Rad1 g5 14. Bc1 Ng7 15.
Ne1 Qe8 16. b4 b5 17. Nd3 a5 18. Nc5 Nxc5 19. dxc5 Kh8 20. Bb2 a4 21. Rfe1 Bf6
22. e3 Qf7 23. Ne2 Ne6 24. Bh3 g4 25. Bf1 Rae8 26. Bxf6+ Qxf6 27. Qc3 Kg7 28.
Qxf6+ Kxf6 29. Nd4 Re7 30. Nxe6 Rxe6 31. Rd4 Bc8 32. Bd3 Re5 33. Kg2 Kg5 34.
Rh1 h5 35. h3 Be6 36. Kf1 Rf6 37. Ke2 Rf8 38. Bb1 Rf6 39. Kd2 Rf8 40. Kc3 Rf6
41. Rf4 Bf7 42. h4+ 1/2-1/2

[Event "TV Borken 1 - SF Stadtlohn 1"]
[Site "Verbandsliga 2016/2017"]
[Date "2017.01.28"]
[Round "6.2"]
[White "Schulze-Schwering, Philipp"]
[Black "Lösing, Henrik"]
[Result "1-0"]
[WhiteElo "2050"]
[BlackElo "1908"]
[PlyCount "83"]
[EventDate "2017.??.??"]
[SourceDate "2016.09.26"]

1. d4 Nf6 2. c4 g6 3. g3 Bg7 4. Bg2 d6 5. Nc3 O-O 6. Nf3 c5 7. d5 e6 8. O-O
exd5 9. cxd5 a6 10. a4 Re8 11. Nd2 Nbd7 12. h3 Rb8 13. a5 Bh6 14. e4 Ne5 15.
Qe2 Nh5 16. Kh2 f5 17. f4 Nxg3 18. Kxg3 Bxf4+ 19. Kxf4 Qh4+ 20. Ke3 Qg3+ 21.
Nf3 fxe4 22. Nxe4 Nxf3 23. Qxf3 Rxe4+ 24. Kd3 Rd4+ 25. Kc3 Qxf3+ 26. Rxf3 Bf5
27. Re3 b5 28. axb6 Rxb6 29. Bf1 Rd1 30. Bc4 a5 31. h4 h5 32. Re8+ Kf7 33. Re7+
Kxe7 34. Bg5+ Kf7 35. Rxd1 Rb7 36. Ra1 Ra7 37. Bb5 Ra8 38. Re1 Ra7 39. Be8+ Kf8
40. Bh6+ Kg8 41. Bc6 Rf7 42. Re8+ 1-0

[Event "TV Borken 1 - SF Stadtlohn 1"]
[Site "Verbandsliga 2016/2017"]
[Date "2017.01.28"]
[Round "6.3"]
[White "Krosenbrink, Marcel"]
[Black "Beckmann, David"]
[Result "1/2-1/2"]
[WhiteElo "1835"]
[BlackElo "1977"]
[PlyCount "112"]
[EventDate "2017.??.??"]
[SourceDate "2016.09.26"]

1. e4 e6 2. d4 d5 3. Nc3 dxe4 4. Nxe4 Nd7 5. Nf3 Ngf6 6. Bd3 Be7 7. Qe2 Nxe4 8.
Qxe4 Nf6 9. Qe2 c5 10. dxc5 Bxc5 11. Bg5 h6 12. Bb5+ Kf8 13. Bd2 a6 14. Bd3 Bd7
15. Ne5 Qb6 16. Nxd7+ Nxd7 17. O-O Nf6 18. b4 Bd6 19. c4 Qc7 20. g3 Be5 21.
Rac1 Rd8 22. Be3 Bd4 23. Rfd1 Bxe3 24. Qxe3 Ke7 25. Be2 Rxd1+ 26. Bxd1 Rd8 27.
a4 Qd6 28. c5 Qd4 29. b5 Qxe3 30. fxe3 a5 31. Bf3 Nd5 32. c6 bxc6 33. Rxc6 Nb4
34. Rc7+ Rd7 35. Rc8 Kd6 36. Ra8 Nd5 37. Kf2 Kc5 38. Rxa5 Nb6 39. Ra6 Rd2+ 40.
Be2 Ra2 41. a5 Nd5 42. Kf3 g5 43. Rc6+ Kb4 44. Bc4 g4+ 45. Ke4 Nc3+ 46. Kf4
Rxa5 47. Kxg4 Nd5 48. Bxd5 exd5 49. Rxh6 Rxb5 50. Rf6 Rb7 51. h4 Kc3 52. Rd6
Kd3 53. Rxd5+ Kxe3 54. Rf5 Ke4 55. Rf4+ Ke5 56. h5 f6 1/2-1/2

[Event "TV Borken 1 - SF Stadtlohn 1"]
[Site "Verbandsliga 2016/2017"]
[Date "2017.01.28"]
[Round "6.4"]
[White "Farwick, Christian"]
[Black "Te Sligte, Bert"]
[Result "0-1"]
[WhiteElo "1795"]
[BlackElo "1828"]
[PlyCount "70"]
[EventDate "2017.??.??"]
[SourceDate "2016.09.26"]

1. Nf3 d5 2. d4 Nf6 3. Bf4 Nbd7 4. e3 e6 5. c3 Be7 6. Nbd2 O-O 7. h3 c5 8. Bd3
Qb6 9. b3 Bd6 10. Ne5 Qc7 11. Nxd7 Bxd7 12. Bxd6 Qxd6 13. O-O Bc6 14. Rc1 Rfd8
15. f4 b5 16. Qe2 c4 17. Bb1 Rac8 18. g4 g6 19. b4 a5 20. a3 axb4 21. axb4 Ra8
22. e4 dxe4 23. Nxe4 Nxe4 24. Bxe4 Ra3 25. Rc2 Rda8 26. Qg2 Rxc3 27. Bxc6 Rxc2
28. Qxc2 Qxc6 29. Qc3 Qe4 30. f5 Ra2 31. Rf2 Rxf2 32. Kxf2 exf5 33. gxf5 Qxf5+
34. Ke2 Qe4+ 35. Kd2 f5 0-1

[Event "TV Borken 1 - SF Stadtlohn 1"]
[Site "Verbandsliga 2016/2017"]
[Date "2017.01.28"]
[Round "6.5"]
[White "Kloster, Daniel"]
[Black "Theißen, Frank"]
[Result "1-0"]
[WhiteElo "1769"]
[BlackElo "1760"]
[PlyCount "63"]
[EventDate "2017.??.??"]
[SourceDate "2016.09.26"]

1. d4 d5 2. Nf3 Nf6 3. Bf4 e6 4. e3 Nbd7 5. Be2 Ne4 6. Nbd2 Bd6 7. Bxd6 Nxd6 8.
O-O O-O 9. c4 Nxc4 10. Nxc4 dxc4 11. Bxc4 c5 12. Rc1 Qe7 13. dxc5 Nxc5 14. Qd4
Rd8 15. Qe5 Nd3 16. Bxd3 Rxd3 17. Qe4 Rd5 18. Rfd1 Qd6 19. Rxd5 Qxd5 20. Qxd5
exd5 21. Rc7 Rb8 22. Nd4 a6 23. h3 Kf8 24. Nb3 Ke8 25. Nc5 b6 26. Nd3 Be6 27.
Nf4 Kf8 28. g4 h6 29. Kg2 Kg8 30. Nxe6 fxe6 31. Re7 b5 32. Rxe6 1-0

[Event "TV Borken 1 - SF Stadtlohn 1"]
[Site "Verbandsliga 2016/2017"]
[Date "2017.01.28"]
[Round "6.6"]
[White "Rickert, Berthold"]
[Black "Bußwolder, Peter"]
[Result "0-1"]
[WhiteElo "1743"]
[BlackElo "1734"]
[PlyCount "66"]
[EventDate "2017.??.??"]
[SourceDate "2016.09.26"]

1. c4 c6 2. Nc3 d5 3. e3 Nf6 4. d4 e6 5. Nf3 Be7 6. Bd3 c5 7. O-O Nc6 8. dxc5
Bxc5 9. a3 a5 10. Qc2 dxc4 11. Bxc4 O-O 12. b3 Qe7 13. Bb2 Rd8 14. Nb5 h6 15.
Rad1 b6 16. Rxd8+ Nxd8 17. Ne5 Bb7 18. Rd1 Rc8 19. Qd2 Nc6 20. Kf1 Ne4 21. Qd7
Nf6 22. Qd2 Nb8 23. f3 Nd5 24. Bd4 Rd8 25. Ke1 Rc8 26. e4 Nf6 27. Bb2 Ba6 28.
a4 Bxb5 29. axb5 Ne8 30. Nd7 Bb4 31. Bc3 Bxc3 32. Qxc3 Nxd7 33. Qd2 Qh4+ 0-1

[Event "TV Borken 1 - SF Stadtlohn 1"]
[Site "Verbandsliga 2016/2017"]
[Date "2017.01.28"]
[Round "6.7"]
[White "Wensing, Herbert"]
[Black "Klüppel, Ralf"]
[Result "1/2-1/2"]
[WhiteElo "1689"]
[BlackElo "1729"]
[PlyCount "42"]
[EventDate "2017.??.??"]
[SourceDate "2016.09.26"]

1. e4 c6 2. d4 d5 3. Bd3 dxe4 4. Bxe4 Nf6 5. Bf3 Bf5 6. c3 e6 7. Ne2 Nbd7 8.
Bf4 Nd5 9. Bg3 Qb6 10. Qc1 N7f6 11. Nd2 Rd8 12. Nc4 Qa6 13. Ne3 Bg6 14. O-O Be7
15. a3 Ne4 16. Nxd5 cxd5 17. Re1 O-O 18. Nf4 Bg5 19. Qd1 Bf5 20. Bg4 Nxg3 21.
hxg3 Bg6 1/2-1/2

[Event "TV Borken 1 - SF Stadtlohn 1"]
[Site "Verbandsliga 2016/2017"]
[Date "2017.01.28"]
[Round "6.8"]
[White "Klugstedt, Vincent"]
[Black "Söbbing, Ulrich"]
[Result "1-0"]
[WhiteElo "1518"]
[BlackElo "1514"]
[PlyCount "67"]
[EventDate "2017.??.??"]
[SourceDate "2016.09.26"]

1. d4 e6 2. Nf3 d5 3. c4 Nf6 4. Nc3 Nbd7 5. e3 Be7 6. b3 c6 7. Bb2 O-O 8. Bd3
dxc4 9. bxc4 Nb6 10. O-O c5 11. Qc2 h6 12. Rad1 cxd4 13. Nxd4 Qc7 14. Ncb5 Qb8
15. Nf3 a6 16. Be5 Qxe5 17. Nxe5 axb5 18. cxb5 Bd7 19. Nxd7 Nbxd7 20. Be2 Nc5
21. Bf3 Ra5 22. Rb1 Nfd7 23. Rfd1 Rfa8 24. Qc1 Ne5 25. Be2 Rxa2 26. Rb2 R2a3
27. Rc2 b6 28. Qb2 Bf6 29. Qb4 R8a4 30. Qe1 Ng6 31. g3 Ne5 32. Kg2 Ng6 33. Rd6
Bc3 34. Rxc3 1-0

[Event "SV Heiden 1 - SC Rochade Emsdetten 2"]
[Site "Verbandsliga 2016/2017"]
[Date "2017.01.28"]
[Round "6.1"]
[White "Böhlich, Daniel"]
[Black "Wienen, Hermann"]
[Result "0-1"]
[WhiteElo "1994"]
[BlackElo "1965"]
[PlyCount "88"]
[EventDate "2017.??.??"]
[SourceDate "2016.09.26"]

1. e4 e5 2. Nf3 Nc6 3. d4 exd4 4. Bb5 Bb4+ 5. c3 dxc3 6. O-O Nge7 7. Nxc3 Bxc3
8. bxc3 d6 9. Nd4 Bd7 10. Rb1 a6 11. Bd3 b5 12. f4 O-O 13. Nc2 f5 14. Ne3 Kh8
15. Qc2 Qc8 16. Bb2 Rb8 17. Rbe1 Be6 18. Rf2 Qd7 19. Ba1 d5 20. exd5 Nxd5 21.
Rd2 Qf7 22. Nxd5 Bxd5 23. Bb2 Bc4 24. Ba3 Bxd3 25. Rxd3 Rfe8 26. Rde3 h6 27. h3
Rxe3 28. Rxe3 Rd8 29. Qe2 Qd5 30. Re8+ Rxe8 31. Qxe8+ Kh7 32. Qf8 a5 33. Bc5
Qe4 34. Qa8 b4 35. cxb4 axb4 36. Qb7 Qd5 37. Bxb4 Qd4+ 38. Kh2 Nxb4 39. Qxc7
Nxa2 40. Qc2 Qxf4+ 41. g3 Nb4 42. Qb1 Qf2+ 43. Kh1 Qf3+ 44. Kh2 Nd3 0-1

[Event "SV Heiden 1 - SC Rochade Emsdetten 2"]
[Site "Verbandsliga 2016/2017"]
[Date "2017.01.28"]
[Round "6.2"]
[White "Berger, Alfred"]
[Black "Lücke, Thomas"]
[Result "1/2-1/2"]
[WhiteElo "1946"]
[BlackElo "1825"]
[PlyCount "42"]
[EventDate "2017.??.??"]
[SourceDate "2016.09.26"]

1. d4 d5 2. Nf3 Nf6 3. e3 e6 4. Bd3 c5 5. b3 Nc6 6. O-O Bd6 7. Bb2 Qc7 8. Nbd2
O-O 9. dxc5 Bxc5 10. c4 dxc4 11. Nxc4 Rd8 12. Qe2 Nb4 13. Bb1 b5 14. Be5 Qd7
15. Bxf6 gxf6 16. Bxh7+ Kxh7 17. Ng5+ fxg5 18. Qh5+ Kg7 19. Qxg5+ Kh7 20. Qh5+
Kg7 21. Qg5+ Kh7 1/2-1/2

[Event "SV Heiden 1 - SC Rochade Emsdetten 2"]
[Site "Verbandsliga 2016/2017"]
[Date "2017.01.28"]
[Round "6.3"]
[White "Hedwig, Johannes"]
[Black "Ehrlich, Hans-Georg"]
[Result "1/2-1/2"]
[WhiteElo "1784"]
[BlackElo "1818"]
[PlyCount "52"]
[EventDate "2017.??.??"]
[SourceDate "2016.09.26"]

1. e4 d5 2. exd5 Qxd5 3. Nc3 Qd8 4. d4 c6 5. Bc4 Bf5 6. Nge2 e6 7. Bf4 Bd6 8.
Qd2 Nf6 9. f3 Bxf4 10. Nxf4 Nd5 11. O-O-O h6 12. Bxd5 cxd5 13. Rde1 O-O 14. h4
Nc6 15. g4 Bh7 16. g5 Qb6 17. Rd1 Nb4 18. gxh6 Bxc2 19. Qg2 g6 20. Rd2 Bf5 21.
h5 Kh7 22. hxg6+ fxg6 23. a3 Na2+ 24. Kd1 Nxc3+ 25. bxc3 Qd6 26. Nh3 Bxh3
1/2-1/2

[Event "SV Heiden 1 - SC Rochade Emsdetten 2"]
[Site "Verbandsliga 2016/2017"]
[Date "2017.01.28"]
[Round "6.4"]
[White "Sicking, Norbert"]
[Black "Nöring, Andreas"]
[Result "1/2-1/2"]
[WhiteElo "1781"]
[BlackElo "1836"]
[PlyCount "38"]
[EventDate "2017.??.??"]
[SourceDate "2016.09.26"]

1. d4 d5 2. Nf3 Nf6 3. g3 g6 4. c3 Bg7 5. Bg2 O-O 6. O-O Nbd7 7. Nbd2 c6 8. Re1
Re8 9. e4 dxe4 10. Nxe4 Nxe4 11. Rxe4 Nf6 12. Re1 Qb6 13. Qb3 Be6 14. Qxb6 axb6
15. a3 Bd5 16. Ne5 Bxg2 17. Kxg2 b5 18. Bg5 e6 19. Nd3 Nd7 1/2-1/2

[Event "SV Heiden 1 - SC Rochade Emsdetten 2"]
[Site "Verbandsliga 2016/2017"]
[Date "2017.01.28"]
[Round "6.5"]
[White "Fehlings, Gerd"]
[Black "Vestrick, Frank"]
[Result "1/2-1/2"]
[WhiteElo "1753"]
[BlackElo "1692"]
[PlyCount "66"]
[EventDate "2017.??.??"]
[SourceDate "2016.09.26"]

1. Nf3 Nf6 2. c4 g6 3. Nc3 Bg7 4. d4 d6 5. e3 O-O 6. Be2 Nbd7 7. O-O e5 8. Qc2
Ne8 9. Rd1 f5 10. dxe5 Nxe5 11. Nxe5 Bxe5 12. b3 Be6 13. Bb2 f4 14. exf4 Bxf4
15. Bd3 Ng7 16. Nd5 Bg5 17. Re1 Bxd5 18. cxd5 Bf6 19. Re2 Bxb2 20. Qxb2 Qg5 21.
Qc1 Qf6 22. Bb5 Rf7 23. Qe1 Kf8 24. Rc1 a6 25. Bd3 Re8 26. Rxe8+ Nxe8 27. Qd2
Re7 28. Bf1 Re5 29. Qb4 b5 30. Qd4 Qf7 31. Rd1 Nf6 32. Qa7 Ne4 33. f3 Nc3
1/2-1/2

[Event "SV Heiden 1 - SC Rochade Emsdetten 2"]
[Site "Verbandsliga 2016/2017"]
[Date "2017.01.28"]
[Round "6.6"]
[White "Wetter, Ralf"]
[Black "Hemmers, Dieter"]
[Result "1/2-1/2"]
[WhiteElo "1884"]
[BlackElo "1782"]
[PlyCount "39"]
[EventDate "2017.??.??"]
[SourceDate "2016.09.26"]

1. Nf3 c5 2. g3 g6 3. Bg2 Bg7 4. O-O Nf6 5. d3 O-O 6. e4 d6 7. Nbd2 Nc6 8. c3
e5 9. a4 Rb8 10. Nc4 Re8 11. Nfd2 Bg4 12. f3 Be6 13. f4 exf4 14. gxf4 Bg4 15.
Nf3 d5 16. exd5 Nxd5 17. h3 Bf5 18. Ne1 Qd7 19. Qf3 Nf6 20. Bd2 1/2-1/2

[Event "SV Heiden 1 - SC Rochade Emsdetten 2"]
[Site "Verbandsliga 2016/2017"]
[Date "2017.01.28"]
[Round "6.7"]
[White "Wehmeier, Sven"]
[Black "Niewerth, Gerd"]
[Result "1/2-1/2"]
[WhiteElo "1776"]
[BlackElo "1766"]
[PlyCount "78"]
[EventDate "2017.??.??"]
[SourceDate "2016.09.26"]

1. e4 c6 2. Nc3 d5 3. exd5 cxd5 4. d4 Nf6 5. Bf4 e6 6. Nf3 Bb4 7. Bd3 O-O 8. a3
Bd6 9. Bg5 Nc6 10. O-O a6 11. Re1 h6 12. Bh4 Be7 13. Qd2 Qb6 14. h3 Re8 15.
Bxf6 Bxf6 16. Nxd5 Qd8 17. Nxf6+ Qxf6 18. d5 Ne7 19. d6 Nc6 20. c4 e5 21. Be4
Bd7 22. b4 Rac8 23. c5 g5 24. a4 Kg7 25. g4 Rb8 26. a5 Kh8 27. Rab1 Rg8 28.
Bxc6 Bxc6 29. Nxe5 Bb5 30. Qd5 Rgf8 31. Rb3 Qf4 32. Re4 Qc1+ 33. Kg2 Qf1+ 34.
Kg3 Qg1+ 35. Kf3 Qh1+ 36. Kg3 Qg1+ 37. Kf3 Qh1+ 38. Kg3 Qg1+ 39. Kf3 Qh1+
1/2-1/2

[Event "SF Beelen 1 - Südlohner SV 2"]
[Site "Verbandsliga 2016/2017"]
[Date "2017.01.28"]
[Round "6.3"]
[White "Harbers, Gerard"]
[Black "Henke, Wolfgang"]
[Result "1/2-1/2"]
[WhiteElo "1872"]
[BlackElo "1784"]
[PlyCount "80"]
[EventDate "2017.??.??"]
[SourceDate "2016.09.26"]

1. e4 g6 2. d4 Bg7 3. Nc3 d6 4. Nf3 Nf6 5. Be2 O-O 6. O-O c6 7. a4 a5 8. h3
Nbd7 9. Be3 Ne8 10. Qd2 Kh8 11. Rad1 Nc7 12. Bh6 Rg8 13. Bxg7+ Rxg7 14. Ng5 f6
15. Nf3 Qg8 16. e5 d5 17. exf6 exf6 18. Bd3 Nf8 19. Qf4 Qf7 20. Rfe1 Nce6 21.
Qd6 Bd7 22. Ne2 Rd8 23. Qa3 Ng5 24. Nxg5 fxg5 25. Ng3 Ne6 26. Be2 h5 27. Bf1
Rf8 28. Qe3 Nf4 29. Ne2 Re8 30. Qg3 Qf6 31. Nxf4 gxf4 32. Rxe8+ Bxe8 33. Qd3
Re7 34. Rd2 g5 35. Re2 Bg6 36. Qc3 Rxe2 37. Bxe2 Qe6 38. Kf1 Qe8 39. Bd3 Bxd3+
40. Qxd3 Qe6 1/2-1/2

[Event "SF Beelen 1 - Südlohner SV 2"]
[Site "Verbandsliga 2016/2017"]
[Date "2017.01.28"]
[Round "6.1"]
[White "Sparwel, Oliver"]
[Black "Hofene, Dieter"]
[Result "0-1"]
[WhiteElo "1906"]
[BlackElo "1986"]
[PlyCount "96"]
[EventDate "2017.??.??"]
[SourceDate "2016.09.26"]

1. d4 e6 2. c4 Nf6 3. Nc3 Bb4 4. a3 Bxc3+ 5. bxc3 d6 6. g3 O-O 7. Bg2 Qe8 8.
Nf3 Nc6 9. O-O e5 10. e3 Bg4 11. h3 Bd7 12. Bb2 Na5 13. Nd2 c5 14. Re1 Rc8 15.
d5 Ba4 16. Qb1 Nd7 17. e4 Nb6 18. Bc1 Rc7 19. Bf1 f6 20. Ra2 Nc8 21. Rb2 b6 22.
Be2 Bd7 23. g4 Ba4 24. Nf1 Kh8 25. Ng3 g6 26. Kg2 Rg8 27. h4 Rb7 28. Be3 Bd7
29. Rh1 Ne7 30. f4 Qc8 31. f5 gxf5 32. exf5 Nxf5 33. gxf5 Bxf5 34. Bd3 Bxd3 35.
Qxd3 f5 36. Bg5 Rf7 37. Kh2 Qf8 38. Bc1 Rg4 39. Kh3 Rxc4 40. Rf2 f4 41. Ne4
Qc8+ 42. Kg2 Qg4+ 43. Kf1 Qf5 44. Re2 f3 45. Re3 Qg4 46. Rg1 Qh3+ 47. Kf2 Qh2+
48. Kf1 f2 0-1

[Event "SF Beelen 1 - Südlohner SV 2"]
[Site "Verbandsliga 2016/2017"]
[Date "2017.01.28"]
[Round "6.2"]
[White "Hanewinkel, Winfried"]
[Black "Richters, Alfred"]
[Result "1/2-1/2"]
[WhiteElo "1901"]
[BlackElo "1885"]
[PlyCount "82"]
[EventDate "2017.??.??"]
[SourceDate "2016.09.26"]

1. d4 e6 2. Nf3 f5 3. g3 Nf6 4. Bg2 Be7 5. c4 O-O 6. O-O d6 7. Nc3 Qe8 8. b3
Nbd7 9. Bb2 Qh5 10. Qc2 Ng4 11. h3 Nh6 12. e4 f4 13. Ne2 fxg3 14. fxg3 g5 15.
g4 Qg6 16. Rae1 b6 17. Qd2 Rb8 18. Ng3 Nf7 19. d5 e5 20. Nf5 Bd8 21. Nh2 Nf6
22. Bf3 Bxf5 23. gxf5 Qh6 24. Qg2 Kh8 25. Ng4 Qh4 26. Nxf6 Bxf6 27. Qg4 Rg8 28.
Re2 Nh6 29. Qxh4 gxh4+ 30. Bg2 Rg3 31. Rf3 Rbg8 32. Rxg3 Rxg3 33. Kf2 Bg5 34.
Ba3 Nf7 35. Bb4 Bh6 36. Be1 Rg8 37. Kf1 Bg5 38. Bf3 Bd8 39. Bd2 Ng5 40. Bxg5
Bxg5 41. Rg2 Bf6 1/2-1/2

[Event "SF Beelen 1 - Südlohner SV 2"]
[Site "Verbandsliga 2016/2017"]
[Date "2017.01.28"]
[Round "6.4"]
[White "Cigelski, Rudolf"]
[Black "Telöken, Stefan"]
[Result "1-0"]
[WhiteElo "1805"]
[BlackElo "1759"]
[PlyCount "57"]
[EventDate "2017.??.??"]
[SourceDate "2016.09.26"]

1. d4 d5 2. c4 e6 3. Nc3 Nf6 4. Bg5 Be7 5. Nf3 h6 6. Bh4 O-O 7. e3 Nc6 8. a3 b6
9. Be2 Bb7 10. O-O Rc8 11. Rc1 Ne8 12. Bg3 Nb8 13. cxd5 exd5 14. Ne5 c6 15. Bg4
f5 16. Bh5 g5 17. f4 g4 18. h3 gxh3 19. gxh3 Rc7 20. Kh2 Bd6 21. Rg1 Ng7 22.
Ng6 Rff7 23. Bh4 Qc8 24. Rc2 Kh7 25. Rcg2 Nxh5 26. Qxh5 Bf8 27. Ne5 Rg7 28. Rg6
Rxg6 29. Qxg6+ 1-0

[Event "SF Beelen 1 - Südlohner SV 2"]
[Site "Verbandsliga 2016/2017"]
[Date "2017.01.28"]
[Round "6.5"]
[White "Schmeing, Manfred"]
[Black "Hofene, Josef"]
[Result "0-1"]
[WhiteElo "1765"]
[BlackElo "1710"]
[PlyCount "74"]
[EventDate "2017.??.??"]
[SourceDate "2016.09.26"]

1. e4 c5 2. Nc3 Nc6 3. g3 g6 4. Bg2 Bg7 5. d3 Nf6 6. f4 d6 7. Nf3 O-O 8. O-O
Bg4 9. h3 Bxf3 10. Qxf3 Rc8 11. a3 Nd4 12. Qf2 Nd7 13. g4 b5 14. Be3 Nb6 15.
Nd5 e6 16. Nxb6 Qxb6 17. c3 Nc6 18. Rad1 Qc7 19. f5 Rfe8 20. f6 Bf8 21. Qh4 d5
22. Bh6 Bd6 23. Bg7 d4 24. Rde1 Ne5 25. Rd1 a5 26. Bh6 Nc6 27. Qf2 b4 28. c4
Rb8 29. Qd2 bxa3 30. bxa3 Rb3 31. Bf4 Bxf4 32. Rxf4 Reb8 33. Rf3 Ne5 34. Qh6
Nxf3+ 35. Bxf3 Qg3+ 36. Bg2 Qe3+ 37. Qxe3 dxe3 0-1

[Event "SF Beelen 1 - Südlohner SV 2"]
[Site "Verbandsliga 2016/2017"]
[Date "2017.01.28"]
[Round "6.6"]
[White "Schemmann, Bernhard"]
[Black "Musholt, Joachim"]
[Result "1/2-1/2"]
[WhiteElo "1853"]
[BlackElo "1677"]
[PlyCount "66"]
[EventDate "2017.??.??"]
[SourceDate "2016.09.26"]

1. e4 c5 2. Nf3 Nc6 3. d4 cxd4 4. Nxd4 Nf6 5. Nc3 a6 6. Nxc6 bxc6 7. e5 Ng8 8.
Bf4 e6 9. Ne4 f5 10. Nd6+ Bxd6 11. Qxd6 Qa5+ 12. Bd2 Qd5 13. Bb4 Qxd6 14. Bxd6
Nh6 15. f4 Nf7 16. Bc5 a5 17. O-O-O g5 18. g3 Rg8 19. Be2 g4 20. Rd4 Nd8 21. a4
Ba6 22. c4 Nb7 23. Bb6 c5 24. Rd2 Rc8 25. Rhd1 Rg7 26. Bf1 Rc6 27. Ba7 Nd8 28.
Rd6 Bb7 29. b3 Rc8 30. Bb6 Bf3 31. Bxd8 Kxd8 32. R1d2 Rc6 33. Rxc6 Bxc6 1/2-1/2

[Event "SF Beelen 1 - Südlohner SV 2"]
[Site "Verbandsliga 2016/2017"]
[Date "2017.01.28"]
[Round "6.7"]
[White "Emming, Benedikt"]
[Black "Ruhe, Johannes"]
[Result "0-1"]
[WhiteElo "1749"]
[BlackElo "1902"]
[PlyCount "68"]
[EventDate "2017.??.??"]
[SourceDate "2016.09.26"]

1. e4 c5 2. Nf3 e6 3. Qe2 Nc6 4. g3 d6 5. Bg2 Be7 6. O-O Bd7 7. Nc3 a6 8. d3
Rc8 9. Nd1 Nf6 10. Bd2 O-O 11. c3 Ne5 12. Ne1 c4 13. d4 Nc6 14. Ne3 e5 15. d5
Na5 16. Kh1 b5 17. N1c2 Nb7 18. g4 Nc5 19. Nf5 Bxf5 20. gxf5 Nfd7 21. Nb4 Bg5
22. Nc6 Qf6 23. Bxg5 Qxg5 24. Rg1 Rfe8 25. Bf3 Qh6 26. Rg3 Nd3 27. Rag1 Kh8 28.
Bh5 Nf4 29. Qg4 Nxh5 30. Rh3 Ndf6 31. Qg5 Qxg5 32. Rxg5 Nf4 33. Re3 Nd3 34. Re2
Nxe4 0-1

[Event "SF Beelen 1 - Südlohner SV 2"]
[Site "Verbandsliga 2016/2017"]
[Date "2017.01.28"]
[Round "6.8"]
[White "Hanewinkel, Martin"]
[Black "Höing, Johannes"]
[Result "0-1"]
[WhiteElo "1804"]
[BlackElo "1798"]
[PlyCount "96"]
[EventDate "2017.??.??"]
[SourceDate "2016.09.26"]

1. d4 Nf6 2. Nf3 g6 3. Bf4 Bg7 4. c3 d6 5. e3 O-O 6. Bc4 c6 7. Nbd2 h6 8. Qc2
Nbd7 9. h3 Qe8 10. e4 e5 11. dxe5 dxe5 12. Be3 Qe7 13. O-O Nh5 14. Rfd1 Rd8 15.
Nf1 Nb6 16. Rxd8+ Qxd8 17. Rd1 Qe7 18. Bb3 Be6 19. Qd2 g5 20. Qd6 Qxd6 21. Rxd6
Bf8 22. Rd2 Re8 23. Bxe6 Rxe6 24. Bxb6 axb6 25. Rd7 Nf6 26. Rxb7 Nxe4 27. Ne3
b5 28. Rb8 f6 29. Nf5 Kf7 30. g4 Bc5 31. Rb7+ Kf8 32. Ne3 Bxe3 33. fxe3 Rd6 34.
c4 Rd1+ 35. Kg2 Rb1 36. cxb5 Rxb2+ 37. Kg1 Rxb5 38. Ra7 Rb1+ 39. Kg2 Rb2+ 40.
Kg1 Nf2 41. a4 Nxh3+ 42. Kh1 Nf2+ 43. Kg1 Nxg4 44. a5 Ra2 45. a6 h5 46. Ra8+
Kg7 47. Ne1 h4 48. Nd3 h3 0-1

[Event "SC Falke Saerbeck 1 - SG Ahaus-Wessum 1"]
[Site "Verbandsliga 2016/2017"]
[Date "2017.01.28"]
[Round "6.1"]
[White "Schulze Ameling, Hendrik"]
[Black "Hegemann, Eike"]
[Result "1-0"]
[WhiteElo "1994"]
[BlackElo "1987"]
[PlyCount "61"]
[EventDate "2017.??.??"]
[SourceDate "2016.09.26"]

1. d4 d5 2. Nf3 Nf6 3. c4 e6 4. Nc3 Be7 5. e3 O-O 6. Bd3 c6 7. b3 Bb4 8. Bd2
dxc4 9. bxc4 c5 10. O-O Nc6 11. a3 Ba5 12. Be1 Qe7 13. Qc2 Rd8 14. dxc5 e5 15.
Ng5 h6 16. Nd5 Nxd5 17. cxd5 Qxg5 18. f4 exf4 19. dxc6 Bc7 20. cxb7 Bxb7 21. c6
Bc8 22. exf4 Bxf4 23. Be4 Bc7 24. Rb1 Re8 25. Rb4 a5 26. Bh4 Bxh2+ 27. Kh1 Qe5
28. Bh7+ Kf8 29. Re4 Qc7 30. Qc5+ Bd6 31. Rxf7+ 1-0

[Event "SC Falke Saerbeck 1 - SG Ahaus-Wessum 1"]
[Site "Verbandsliga 2016/2017"]
[Date "2017.01.28"]
[Round "6.2"]
[White "Kipp, Lucas"]
[Black "Rosing, Hermann"]
[Result "1/2-1/2"]
[WhiteElo "1892"]
[BlackElo "1943"]
[PlyCount "81"]
[EventDate "2017.??.??"]
[SourceDate "2016.09.26"]

1. e4 e5 2. Nf3 Nc6 3. Bc4 Nf6 4. d3 Bc5 5. O-O d6 6. c3 Bg4 7. Be3 Bb6 8. Nbd2
h6 9. h3 Bd7 10. a4 Bxe3 11. fxe3 O-O 12. Qe1 Be6 13. Rd1 Qe7 14. Nh4 Kh7 15.
Qf2 Rad8 16. Nf5 Bxf5 17. Qxf5+ Kh8 18. d4 a6 19. Rde1 Qd7 20. Qf2 Ne7 21. Bb3
Ng6 22. Qe2 c5 23. Rf5 b5 24. axb5 axb5 25. Ref1 c4 26. Bc2 Rc8 27. h4 Ne7 28.
Rxf6 gxf6 29. Qh5 Ng8 30. Rf5 Qe7 31. Nf1 Rfe8 32. Ng3 Qf8 33. Qf3 Qg7 34. Nh5
Qg6 35. Kh2 Re7 36. Bd1 Ra8 37. Nxf6 Rd8 38. Nd5 Ra7 39. dxe5 dxe5 40. Rxe5 Qd6
41. Qf4 1/2-1/2

[Event "SC Falke Saerbeck 1 - SG Ahaus-Wessum 1"]
[Site "Verbandsliga 2016/2017"]
[Date "2017.01.28"]
[Round "6.3"]
[White "Diehlmann, Christian"]
[Black "Fischer, Andreas"]
[Result "1-0"]
[WhiteElo "1880"]
[BlackElo "1927"]
[PlyCount "79"]
[EventDate "2017.??.??"]
[SourceDate "2016.09.26"]

1. d4 d5 2. Nf3 e6 3. c4 c6 4. e3 f5 5. Nc3 Nf6 6. Bd3 Be7 7. O-O O-O 8. b3 Ne4
9. Bb2 Nd7 10. Rc1 Nxc3 11. Bxc3 Nf6 12. Qc2 Ne4 13. Bb2 Bd7 14. Ne5 g6 15. f3
Ng5 16. e4 Bd6 17. Rce1 Rc8 18. Qc1 Nf7 19. exf5 exf5 20. Ba3 Nxe5 21. dxe5
Bxa3 22. Qxa3 Be6 23. Qxa7 dxc4 24. Bxc4 Bxc4 25. bxc4 Ra8 26. Qxb7 Qd4+ 27.
Kh1 Qxc4 28. Rc1 Qxa2 29. Qxc6 Rfd8 30. Rfd1 Rxd1+ 31. Rxd1 Rb8 32. h4 Rb1 33.
Qe8+ Kg7 34. Qe7+ Kg8 35. Rxb1 Qxb1+ 36. Kh2 Qc1 37. e6 Qf4+ 38. Kh3 Qc1 39.
Qf7+ Kh8 40. Qf8# 1-0

[Event "SC Falke Saerbeck 1 - SG Ahaus-Wessum 1"]
[Site "Verbandsliga 2016/2017"]
[Date "2017.01.28"]
[Round "6.4"]
[White "Waltermann, Jens"]
[Black "Winking, Hendirk"]
[Result "0-1"]
[WhiteElo "1872"]
[BlackElo "1934"]
[PlyCount "82"]
[EventDate "2017.??.??"]
[SourceDate "2016.09.26"]

1. Nf3 d5 2. g3 c5 3. Bg2 Nc6 4. d3 Nf6 5. O-O g6 6. Nbd2 Bg7 7. c4 e6 8. Rb1
O-O 9. a3 a5 10. b3 b6 11. Bb2 Rb8 12. Ne5 Bb7 13. cxd5 exd5 14. Nxc6 Bxc6 15.
Be5 Rb7 16. d4 Qe7 17. Nf3 Nd7 18. Bxg7 Kxg7 19. Re1 Re8 20. e3 Rc7 21. Qd2 Ba8
22. dxc5 Nxc5 23. Nd4 Ne4 24. Qb2 Qf6 25. Rec1 Rec8 26. Rxc7 Rxc7 27. Bxe4 dxe4
28. Rc1 Rxc1+ 29. Qxc1 Qd8 30. Qc3 Kg8 31. h4 h5 32. b4 axb4 33. axb4 Bb7 34.
Qc2 Qa8 35. b5 Qa1+ 36. Kg2 Bd5 37. Qc7 Kh7 38. Qe5 Bc4 39. Qxe4 Qf1+ 40. Kf3
Bd5 41. Qxd5 Qh1+ 0-1